| 000 | 00362nam a2200145 i 4500 | ||
|---|---|---|---|
| 001 | 92231 | ||
| 003 | ES-MaACL | ||
| 005 | 20230906180925.0 | ||
| 007 | t| | ||
| 008 | 050223s1972 sp ||||1| spa d | ||
| 245 | 0 | 3 | _aEl libro de los inventos. |
| 260 |
_a[Madrid : _bFundamentos, _c1972] |
||
| 300 |
_a66 lám. ; _c14 cm. |
||
| 852 |
_aES-MaACL _jC-43945 _bR.82267 |
||
| 999 |
_c92231 _d92231 |
||